01498nam a2200361 a 4500001001200000003000800012006001900020007001500039008004100054010001700095020003000112020002700142040002100169035002100190050002700211082001500238100002000253245016600273260005600439300003600495490005200531504005100583533015200634650002500786650002600811650003000837655002900867700002600896710001700922830005400939856012600993999001701119ebr10681435CaPaEBRm u cr cn|||||||||110311s2011 nyua sb 001 0 eng d z 2011003689 z9781612094526 (softcover) z9781620810026 (e-book) aCaPaEBRcCaPaEBR a(OCoLC)77984785614aQL666.O636bB87 2011eb04a597.962221 aBurger, Joanna.14aThe northern pine snake (pituophis melanoleucus)h[electronic resource] :bits life history, behavior and conservation /cJoanna Burger and Robert T. Zappalorti. aHauppauge, N.Y. :bNova Science Publishers,cc2011. axvi, 92 p. :bill. (some col.).1 aReptiles--classification, evolution and systems aIncludes bibliographical references and index. aElectronic reproduction.bPalo Alto, Calif. :cebrary,d2013.nAvailable via World Wide Web.nAccess may be limited to ebrary affiliated libraries. 0aPine snakexHistory. 0aPine snakexBehavior. 0aPine snakexConservation. 7aElectronic books.2local1 aZappalorti, Robert T.2 aebrary, Inc. 0aReptiles--classification, evolution, and systems.40uhttp://site.ebrary.com/lib/rucke/Doc?id=10681435zAn electronic book accessible through the World Wide Web; click to view c60956d60956